Výsledky riešenia mechanizácie ťažbovo-výrobného procesu a ich uplatnenie v praxi

Bibliographic Details
Main Author: Ilavský, Ján, 1945- (Author)
Format: Article
Language:Slovak
PhysicalDescription:Obr. 4.
Subjects:

MARC

LEADER 00000nab a2200000 a 4500
001 vtls000346371
003 SK-MaSNL
005 20260304172541.0
008 250526c1989 xo 0 slo
015 |a SNBRB19rr/mm-uuuuu 
035 |a CL0346493 
035 |a urn:nbn:sk:snk-ab2d16 
035 |a (urnnbn)urn:nbn:sk:snk:ar-a026a0 
035 |a (uuid)ce523398-0f0c-4671-a358-227795f82cd5 
040 |a SNKBUCL  |b slo  |c SNKBUCL  |e AACR2 
041 0 |a slo 
044 |a xo  |c SK 
080 |a 630 3-1/-9.001.5  |2 1981 
100 1 |a Ilavský, Ján,  |d 1945-  |4 aut  |9 125847 
245 1 0 |a Výsledky riešenia mechanizácie ťažbovo-výrobného procesu a ich uplatnenie v praxi  |c Ján Ilavský 
300 |b Obr. 4. 
650 0 7 |a mechanizácia lesníctva  |2 snkbucl  |9 377296 
655 7 |a články z novín a časopisov  |2 snkbucl  |9 267496 
773 0 |t Les  |g Roč. 45, č. 3 (1989), s. 7-9 
850 |a Slovenská národná knižnica 
852 |a Slovenská národná knižnica 
954 |a odborná, vedecká literatúra pôvodná (slovenská)  |2 lita 
958 |a ONDV 
958 |a article2022 
958 |a RK 
992 |a RBX 
999 |c 2999127  |d 3001057